This totally bites! / (Record no. 3788)

MARC details
000 -LEADER
fixed length control field 01136nam a22002897a 4500
001 - CONTROL NUMBER
control field 3788
003 - CONTROL NUMBER IDENTIFIER
control field FISKH
005 - DATE AND TIME OF LATEST TRANSACTION
control field 20260204105017.0
008 - FIXED-LENGTH DATA ELEMENTS--GENERAL INFORMATION
fixed length control field 240507b cb ||||| |||| 00| 0 eng d
020 ## - INTERNATIONAL STANDARD BOOK NUMBER
International Standard Book Number 9780545208789
040 ## - CATALOGING SOURCE
Original cataloging agency FISK
Language of cataloging eng
Transcribing agency FISK
Modifying agency FISK
050 ## - LIBRARY OF CONGRESS CALL NUMBER
Classification number PZ7.A5152
082 ## - DEWEY DECIMAL CLASSIFICATION NUMBER
Classification number 813.6
100 ## - MAIN ENTRY--PERSONAL NAME
Personal name Ames Ruth
Dates associated with a name 1924-2022
245 ## - TITLE STATEMENT
Title This totally bites! /
Statement of responsibility, etc. by Ruth Ames
250 ## - EDITION STATEMENT
Edition statement First printing in 2010
260 ## - PUBLICATION, DISTRIBUTION, ETC.
Place of publication, distribution, etc. New York :
Name of publisher, distributor, etc. Scholastic,
Date of publication, distribution, etc. 2010
300 ## - PHYSICAL DESCRIPTION
Extent 184 pages :
Dimensions 20 cm
505 ## - FORMATTED CONTENTS NOTE
Formatted contents note M
520 ## - SUMMARY, ETC.
Summary, etc. "Twelve-year-old Emma-Rose Paley has always felt very different from her bubbly, outgoing parents. Unlike them, Emma-Rose has pale skin and jet-black hair, she prefers gray weather to sunshine, and she hates the taste of garlic. When Emma-Rose's great-aunt Margo comes to visit from Romania, Emma-rose uncovers a dark family secret and has a sudden revelation. Could Emma-Rose be a real, live vampire?" (publisher).
521 8# - TARGET AUDIENCE NOTE
Target audience note 740
Source Lexiles
650 ## - SUBJECT ADDED ENTRY--TOPICAL TERM
Source of heading or term Series
Topical term or geographic name entry element Fiction
650 ## - SUBJECT ADDED ENTRY--TOPICAL TERM
Source of heading or term Poison Apple
Topical term or geographic name entry element Vampires
700 ## - ADDED ENTRY--PERSONAL NAME
Personal name Ruth Ames
942 ## - ADDED ENTRY ELEMENTS (KOHA)
Source of classification or shelving scheme Dewey Decimal Classification
Koha item type Books
Suppress in OPAC No
Holdings
Withdrawn status Lost status Source of classification or shelving scheme Damaged status Not for loan Collection Home library Current library Shelving location Date acquired Total Checkouts Full call number Barcode Date last seen Copy number Price effective from Koha item type Date last checked out
    Dewey Decimal Classification     Fiction Footprints International School Library Network Toul Kork Campus Footprints International School Library Network Toul Kork Campus   05/07/2024   AME PZ7.A5152 813.6 2024-0583 05/07/2024 1 05/07/2024 Books  
    Dewey Decimal Classification     Fiction Footprints International School Library Network Toul Tom Poung Campus Footprints International School Library Network Toul Tom Poung Campus TTP Primary Orange Bookshelves 09/13/2024 1 AME PZ7.A5152 813.6 2024-1940 02/04/2026 2 09/13/2024 Books 12/10/2025